Normal view
MARC view
- ENGINEERS
Entry Topical Term
001 - CONTROL NUMBER
- control field: 6710
003 - CONTROL NUMBER IDENTIFIER
- control field: JO-AjAnu
005 - DATE AND TIME OF LATEST TRANSACTION
- control field: 20230606071404.0
008 - FIXED-LENGTH DATA ELEMENTS
- fixed length control field: 230606|| aca||aabn | a|a d
040 ## - CATALOGING SOURCE
- Original cataloging agency: JO-AjAnu
- Transcribing agency: JO-AjAnu
150 ## - HEADING--TOPICAL TERM
- Topical term or geographic name entry element: ENGINEERS
670 ## - SOURCE DATA FOUND
- Source citation: Work cat.: (JO-AjAnu)3478: chou,eric, author 6709, Mastering Python Networking: Your one-stop solution to using Python for network automation, programmability, and DevOps